Statistical Approaches to Causal Analysis: The SAGE Quantitative Research (Record no. 46570)

MARC details
000 -LEADER
fixed length control field 00523nam a22001697a 4500
005 - DATE AND TIME OF LATEST TRANSACTION
control field 20260513163855.0
008 - FIXED-LENGTH DATA ELEMENTS--GENERAL INFORMATION
fixed length control field 260513b |||||||| |||| 00| 0 eng d
020 ## - INTERNATIONAL STANDARD BOOK NUMBER
International Standard Book Number 9781526424730
041 ## - LANGUAGE CODE
Language code of text/sound track or separate title Eng
082 ## - DEWEY DECIMAL CLASSIFICATION NUMBER
Classification number 300.72 MCB
100 ## - MAIN ENTRY--PERSONAL NAME
Author McBee, Matthew
245 ## - TITLE STATEMENT
Title Statistical Approaches to Causal Analysis: The SAGE Quantitative Research
260 ## - PUBLICATION, DISTRIBUTION, ETC.
Place Los Angeles
Publisher Sage
Publication Year 2021
300 ## - PHYSICAL DESCRIPTION
Extent 234;. p. 23 cm
650 ## - SUBJECT ADDED ENTRY--TOPICAL TERM
Subject Statistical methods; Social sciences--Research--Methodology; General Management
942 ## - ADDED ENTRY ELEMENTS (KOHA)
Koha item type Books
Holdings
Withdrawn status Lost status Source of classification or shelving scheme Damaged status Not for loan Home library Current library Shelving location Accession Date Vendor Price Bill number Total Checkouts Full call number Barcode No Date last seen Discount Cost, replacement price Bill Date Koha item type Suggested By
    Dewey Decimal Classification     IMTN IMTN Rack 5-A 05/13/2026 Raghav Books Private Limited 4402.38 2630   300.72 MCB 34037 05/13/2026 33 2949.59 04/30/2026 Books Recommended by Dr Veena Pailwar
Designed & Maintained by: LRC IMT Nagpur Contact: lrc@imtnag.ac.in© 2024. All Rights Reserved.